Language Quiz

Random Language Quiz

Top Ten Most Spoken Languages Quiz Stats

 Plays Quiz not verified by Sporcle

Challenge
Share
Tweet
Embed
Score 0/10 Timer 04:00
0 Plays Today
% Correct
English
100%
Spanish
100%
Mandarin
82.7%
German
76.9%
Portuguese
75%
Japanese
73.1%
Arabic
73.1%
Hindi
71.2%
Russian
67.3%
Bengali
34.6%

You're not logged in!

Compare scores with friends on all Sporcle quizzes.
Join for Free
OR
Log In

You Might Also Like...

Show Comments

Extras

Created Oct 28, 2011ReportNominate
Tags:spoken, Spoken Languages, ten

Top Quizzes Today


Score Distribution

Your Account Isn't Verified!

In order to create a playlist on Sporcle, you need to verify the email address you used during registration. Go to your Sporcle Settings to finish the process.

Report this User

Report this user for behavior that violates our Community Guidelines.

Details: